00478nam a2200181Ia 4500003000900000008004100009040001300050040001300063041000800076100002100084245013400105250001000239260001100249260000900260300001100269300001000280490000600290IT-RoPAU120407s9999 xx 000 0 und d aIT-RoPAU cIT-RoPAU aita aEmilio Caldirola aVerbale del processo di Gesù Nazareno. Tachigrafato da Uzzì bar Zihà e da Nabussàn ibn Sanbusnà. Trad. Emilio Caldirola aParma aGuanda c1972 a390 p. c22 cm v1